Structured Cobol fundamentals and style / (Record no. 62431)
[ view plain ]
| 000 -LEADER | |
|---|---|
| fixed length control field | 00654nam a22001697a 4500 |
| 005 - DATE AND TIME OF LATEST TRANSACTION | |
| control field | 20120209154232.0 |
| 020 ## - INTERNATIONAL STANDARD BOOK NUMBER | |
| International Standard Book Number | 0070445419 |
| Terms of availability | 00.00 |
| 035 ## - SYSTEM CONTROL NUMBER | |
| System control number | B-61701 |
| 037 ## - SOURCE OF ACQUISITION | |
| Stock number | DPL |
| Source of stock number/acquisition | ENG |
| 100 ## - MAIN ENTRY--PERSONAL NAME | |
| Personal name | Welburn, Tyler |
| 245 ## - TITLE STATEMENT | |
| Title | Structured Cobol fundamentals and style / |
| Statement of responsibility, etc | by Tyler Welburn and Wilson Price |
| 260 ## - PUBLICATION, DISTRIBUTION, ETC. (IMPRINT) | |
| Place of publication, distribution, etc | New Delhi |
| Name of publisher, distributor, etc | Tata McGraw-Hill Publishing |
| Date of publication, distribution, etc | 2001 |
| 300 ## - PHYSICAL DESCRIPTION | |
| Extent | xxxiii, 670p. |
| Dimensions | 30 cms. |
| 700 ## - ADDED ENTRY--PERSONAL NAME | |
| Personal name | Price, Wilson |
| 9 (RLIN) | 41391 |
| 942 ## - ADDED ENTRY ELEMENTS (KOHA) | |
| Source of classification or shelving scheme | Dewey Decimal Classification |
| Item type | English Books |
| Classification part | 005.13 |
| Call number suffix | WEL |
| Withdrawn status | Lost status | Not for loan | Collection code | Home library | Current library | Date acquired | Cost, normal purchase price | Full call number | Barcode | Cost, replacement price | Koha item type |
|---|---|---|---|---|---|---|---|---|---|---|---|
| Non-fiction | Sarojini Nagar | Sarojini Nagar | 09/02/2012 | 0.00 | 005.13 WEL | B-61701 | 0.00 | English Books |
